Life and Works of Raidas. (Record no. 12840)

MARC details
000 -LEADER
fixed length control field 00572nam a2200241 a 4500
020 ## - INTERNATIONAL STANDARD BOOK NUMBER
ISBN
082 00 - DEWEY DECIMAL CLASSIFICATION NUMBER
Classification number 291.4
Author Cutter CAL
100 ## - MAIN ENTRY--AUTHOR NAME
Author name Callewaert, Winand M
245 ## - TITLE STATEMENT
Title Life and Works of Raidas.
260 ## - PUBLICATION, DISTRIBUTION, ETC. (IMPRINT)
Place of publication Delhi
Name of publisher Manohar
Year of publication 1992
300 ## - PHYSICAL DESCRIPTION
Number of Pages 335p
500 ## - GENERAL NOTE
General note includes index and biblioraphy
505 2# - FORMATTED CONTENTS NOTE
Formatted contents note appendix, bibliography
650 ## - SUBJECT ADDED ENTRY--TOPICAL TERM
Topical Term Bhakti-Poetry
650 ## - SUBJECT ADDED ENTRY--TOPICAL TERM
Topical Term Raidas
942 ## - ADDED ENTRY ELEMENTS (KOHA)
Koha item type Books
Holdings
Collection code Home library Current library Date acquired Cost, normal purchase price Full call number Accession Number Koha item type
  Henry Martyn Institute Library Henry Martyn Institute Library 07/19/2007 600.00 291.4 CAL 019105 Books
                   Copyright © 2026 | Henry Martyn Institute | Hyderabad | TS-500052 | INDIA | Implemented by hmi.edu.in
Hit-Count:

Powered by Koha